SLIPKNOT QUIZ - Statistics

General Stats
  • This quiz has been taken 392 times
  • The average score is 22 of 29
Answer Stats
Question Answer % Correct
RATE THIS QUIZ 1-10?? 10
97%
Who's #8? Corey Taylor
96%
Psycho___ Social
93%
Who's #1? Joey Jordison
92%
___ and Bleed Wait
92%
People = __ Shit
91%
What Genre/Genres Are They Considered Nu Metal/Heavy Metal
90%
Album From 2001 Iowa
88%
Who's #0? Sid Wilson
88%
What Year Did They Form? 1995
87%
______piece Disaster
85%
Album From 2008 All Hope Is Gone
83%
____ Of The Maggots Pulse
83%
___ Memories Dead
82%
Who's #4? Jim Root
82%
Who's #2? Paul Gray
82%
The Blister ____ Exists
78%
Album From 2022 The End, So Far
78%
Who's #6? Shawn Crahan
77%
Corey Taylor's Other Popular Band Stone Sour
77%
Who's #3? Chris Fehn
76%
Who's #5? Craig Jones
76%
The Festival Made By Them... Knotfest
76%
They Have A Feud With What Other Famous Nu Metal Band Limp Bizkit
74%
Who's #7? Mick Thomson
73%
What's Their Only Song With An Award? Before I Forget
52%
Slipknot's Label? Roadrunner
44%
How Many Studio Albums Do They Have? (As Of 2023) Seven
43%
Slipknot's Clothing Line? Tattered and Torn
14%
No matching quizzes found
Score Distribution
Percent of People with Each Score
Percentile by Number Answered
Your Score History
You have not taken this quiz